000 00591nam a2200241Ia 4500
003 OSt
005 20140314085316.0
008 140130s9999 xx 000 0 und d
020 _a9780439711203
050 _aQC 921.35
_b.B38 2005
100 _aBauer, Marion Dane.
245 _cMarion Dane Bauer.
_aClouds /
260 _bScholastic Inc.,
_cc2005.
_aUSA :
300 _a32 p. :
_bcol. ill. ;
_c23 cm.
440 _v1
521 _aG1
526 _c240
650 _aClouds
_xJuvenile literature.
650 _aClouds.
942 _cBK
_2lcc
999 _c40015
_d40015